000 00734nam a22002297a 4500
999 _c159461
_d159461
005 20181219110616.0
010 _aENG-124574
020 _a9789352866359
_c949.00
035 _aEN-108106
037 _bDBAD/PUB
082 _a000
100 _aGagrani, Harsh
245 _aComplete CLAT common law admission test companion/
_cby Harsh Gagrani; ed. by Nandini Basu [and] Vipin Kumar
250 _a3rd ed.
260 _aNew Delhi
_bPearson
_c2019
270 _a14 Local Shopping Centre, Panchsheel Park
_bNew Delhi
_e110017
300 _avarious paging
_c26cm. (pbk)
_bill.
500 _aIt includes previous years' papers
700 _aBasu, Nandini
700 _aVipin Kumar
942 _2ddc
_cEN
_h000
_mGAG